Història general de Catalunya / per Antoni Viladamor ; edició crítica d'Eulàlia Miralles ; pròleg d'Eulàlia Duran
ISBN:
978-84-9779-525-8
Descripción Física:
2 v. ; 24 cm
Colección:
Textos i documents ; 40 ; 41
Materias:
Catalunya -- Història
MARC
| LEADER | 00000nam a2200000Ia 4500 | ||
|---|---|---|---|
| 001 | 20461, 20462 | ||
| 008 | 160829s2007 xx 000 0 cat d | ||
| 020 | |a 978-84-9779-525-8 (o.c.), 978-84-9779-526-5 (v.1), 978-84-9779-527-2 (v.2) | ||
| 080 | |a H-3-60, H-3-61 | ||
| 100 | |a Viladamor, Antoni |9 45696 | ||
| 245 | |a Història general de Catalunya / per Antoni Viladamor ; edició crítica d'Eulàlia Miralles ; pròleg d'Eulàlia Duran | ||
| 260 | |a Barcelona : |b Fundació Noguera ; Lleida : |b Pagès, |c 2007 | ||
| 300 | |a 2 v. ; |c 24 cm | ||
| 490 | |a Textos i documents ; 40 ; 41 | ||
| 590 | |a Bibliografia | ||
| 650 | |a Catalunya |x Història |9 24030 | ||
| 700 | |a Fundació Noguera |9 70407 | ||
| 700 | |a Miralles, Eulàlia, ed. |9 45697 | ||
| 700 | 1 | |a Duran, Eulàlia |9 45698 | |
| 901 | |a Arxiu | ||
| 942 | |n 1 | ||
| 952 | |0 0 |1 0 |4 0 |6 H360_H361 |7 1 |9 52762 |a Arxiu |b Arxiu |d 2016-12-01 |l 0 |o H-3-60, H-3-61 |p 20461, 20462 |r 2016-12-01 00:00:00 |w 2016-12-01 |y ARXIU | ||
| 999 | |c 56611 |d 56611 | ||